LEADER 01428nam0 2200289 450 001 000014462 005 20090317105341.0 100 $a20080717d1914----km-y0itay50------ba 101 0 $aita 102 $aIT 105 $aa-------001yy 200 1 $aPesca industriale$fSomigli Carlo 210 $aMilano$cFrancesco Vallardi$d1914 215 $aXIV, 242 p.$cill.$d18 cm 225 2 $aBiblioteca agricola Vallardi 316 $aLegatura di restauro (18x13x2 cm); imbrunimento delle carte$5UNIPARTHENOPE 317 $aSul r. della c. di g. ant. class. Dewey dell'IUN: 639.2; sul v. della stessa antica segnatura ms.: I-B III-20 [n.i.]; sul front. antiche segnature mss.: 190 l 13 [n.i.]; Classe IX N.° 57 Ingresso n.° 3320 del Registro inventario della Regia Marina Biblioteca dipartimentale di Napoli; timbro della Biblioteca della Regia Marina 2° Dipartimento-Napoli; sulla controguardia post. timbro del legatore che ha effettuato il restauro: Pre. Legatoria artistica Achille Fiore via Grande Archivio, 3-Napoli$5UNIPARTHENOPE 410 0$12001$aBiblioteca agricola Vallardi 620 $aItalia$dMilano 676 $a639.2$v18$9Pesca 700 1$aSomigli,$bCarlo$0361075 712 02$aItalia : Ministero della guerra$e$4390 801 0$aIT$bUNIPARTHENOPE$c20080717$gRICA$2UNIMARC 912 $a000014462 951 $aBORB-I-85$b3320$cFB$d2008 996 $aPesca industriale$9393742 997 $aUNIPARTHENOPE LEADER 00934nam0-2200301 --450 001 9910329859803321 005 20190715114445.0 010 $a978-88-568-3926-5 020 $aIT$b2011-5426 100 $a20190715d2011----kmuy0itay5050 ba 101 0 $aita 102 $aIT 105 $a 001yy 200 1 $a<>cittą nell'agenda politica nazionale$euna comparazione nell'Europa occidentale$fErnesto D'Albergo 210 $aMilano$cFrancoAngeli$d2011 215 $a202 p.$d23 cm 225 1 $aPolitica/studi$v90 320 $aContiene bibl. (pp.189-202) 610 0 $aCittą$aPianificazione$aEuropa 676 $a307.1216094$v20$zita 700 1$aD'Albergo,$bErnesto$f<1958- >$0329640 801 0$aIT$bUNINA$gREICAT$2UNIMARC 901 $aBK 912 $a9910329859803321 952 $aCOLLEZ. 1747 (90)$b900/2019$fFSPBC 959 $aFSPBC 996 $aCittą nell'agenda politica nazionale$9239731 997 $aUNINA